Uso di sostanze e problemi connessi : uno studio sullo street rave parade Bologna 2003 /

Guardat en:
Dades bibliogràfiques
Altres autors: Pavarin, Raimondo Maria, Forni, Fabiana
Format: Llibre
Idioma:italià
Publicat: Bologna : Azienda U.S.L. citta di Bologna, [2003?]
Etiquetes: Afegir etiqueta
Sense etiquetes, Sigues el primer a etiquetar aquest registre!

MARC

LEADER 00000nam a22000007i 4500
001 IT\ICCU\UBO\2283398
003 ItRI
005 20260115232414.0
008 031209s2003 it |||||| ||||| |||||c
040 |b ita  |c importazione bologna sebina 
041 7 |a ita  |2 ISO-639-2 
245 0 0 |a Uso di sostanze e problemi connessi :  |b uno studio sullo street rave parade Bologna 2003 /  |c a cura di Raimondo Maria Pavarin ; con la collaborazione di Fabiana Forni. 
260 |a Bologna :  |b Azienda U.S.L. citta di Bologna,  |c [2003?] 
300 |a 55 p. ;  |c 21 cm. 
700 1 |a Pavarin, Raimondo Maria  |0 IT\ICCU\RERV\026987 
700 1 |a Forni, Fabiana  |0 IT\ICCU\RERV\209776 
942 |2 ddc  |c BK  |n 0 
952 |0 0  |1 0  |4 0  |6 DOC_362_290000000000000_PAV  |7 0  |9 25447  |a BO  |b BO  |d 2026-01-15  |i 8457  |l 0  |o DOC 362.290 PAV  |p BO8457  |r 2026-01-15 23:24:14  |w 2026-01-15  |x [Sebina 5] [1 v.]  |y BK  |z 1 v. 
999 |c 21606  |d 21606